| 000 | 00436 a2200169 4500 | ||
|---|---|---|---|
| 001 | 157101 | ||
| 020 | _a9788578250928 | ||
| 040 | _cEscola São Tomás de Aquino | ||
| 100 | _aROSA, Luiz Inácio da | ||
| 240 | 1 | 0 |
_aSob o céu de Leningrado _lpor |
| 245 | 1 | 0 | _aSob o céu de Leningrado |
| 300 | _a136 p. | ||
| 362 | 0 | _a2019 | |
| 440 | 1 | _aCoopmed | |
| 697 | _aHistória Moderna e Contemporânea / História da Europa | ||
| 942 | _cBK | ||
| 999 |
_c157101 _d157101 |
||